000 00546nam a2200217Ia 4500
003 OSt
005 20220928141546.0
006 a|||||r|||| 00| 0
007 ta
008 220927b |||||||| |||| 00| 0 eng d
024 _a15933
037 _cTextual
040 _aSDCL
_cSDCL
_beng
041 _2eng
_aeng
082 _aD65,8:82, L7
100 _aGrolle Carl G
_9500879
245 0 _aElectronic workshop manual and guide.
260 _c1977
942 _hD65,8:82, L7
_cTEXL
_2CC
999 _c818296
_d818296